Element stratification in roAp stars : 10 Aquilae (HD 176232)

Bibliographic Details
Main Authors: Nesvacil, N. (Author), Weiss, W. W. (Author), Kochukhov, O. (Author)
Format: Article
Language:Slovak
English

MARC

LEADER 00000nab a2200000 a 4500
001 vtls010716615
003 SK-MaSNL
005 20260304190413.0
008 250709s2008 xo |||||||||||||||||slo|
035 |a (urnnbn)urn:nbn:sk:snk:ar-a04n1d 
035 |a (uuid)d71b2497-a918-431b-9775-9d394422e68f 
035 |a urn:nbn:sk:snk-ab3ikm 
040 |a SNKBUCL  |b slo  |c SNKBUCL  |e AACR2 
041 0 |a eng 
044 |a xo  |c SK 
100 1 |a Nesvacil, N.  |4 aut  |9 1521408 
245 1 0 |a Element stratification in roAp stars :  |b 10 Aquilae (HD 176232)  |c N. Nesvacil, W. W. Weiss, O. Kochukhov 
700 1 |a Weiss, W. W.  |4 aut  |9 1521409 
700 1 |a Kochukhov, O.  |4 aut  |9 1521410 
773 0 |t Contributions of the Astronomical Observatory Skalnaté Pleso  |g Roč. 38, č. 2 (2008), s. [329]-334 
850 |a Slovenská národná knižnica 
852 |a Slovenská národná knižnica 
958 |a article1 
958 |a OND 
958 |a EUIPO 
999 |c 3050113  |d 3052043